The human revolution / (Record no. 13801)
[ view plain ]
| 000 -LEADER | |
|---|---|
| fixed length control field | 00370cam a2200157Ia 4500 |
| 020 ## - INTERNATIONAL STANDARD BOOK NUMBER | |
| ISBN | 0834801981 |
| 040 ## - CATALOGING SOURCE | |
| Transcribing agency | LPU |
| 041 1# - LANGUAGE CODE | |
| Language code of original and/or intermediate translations of text | jpn |
| 082 ## - DEWEY DECIMAL CLASSIFICATION NUMBER | |
| Classification number | 895 JOH 1984 A094 Or. |
| 100 1# - MAIN ENTRY--AUTHOR NAME | |
| Personal name | Ikeda, Daisaku |
| 245 14 - TITLE STATEMENT | |
| Title | The human revolution / |
| 250 ## - EDITION STATEMENT | |
| Edition statement | "first edition" |
| 300 ## - PHYSICAL DESCRIPTION | |
| Number of Pages | volumes : |
| Other physical details | illustrations ; |
| Dimensions | 22 cm |
| 650 #0 - SUBJECT ADDED ENTRY--TOPICAL TERM | |
| Topical Term | Nichiren Sh¿sh¿± |
| 942 ## - ADDED ENTRY ELEMENTS (KOHA) | |
| Koha item type | សៀវភៅភាសាអង់គ្លេស |
| 952 ## - LOCATION AND ITEM INFORMATION (KOHA) | |
| Withdrawn status [LOCAL, KOHA] | 0 |
| Permanent Location | Date acquired | Koha item type | Lost status | Shelving location | Barcode | Current Location | Full call number |
|---|---|---|---|---|---|---|---|
| Library Block A | 2017-08-31 | សៀវភៅភាសាអង់គ្លេស | A094 | A20086 | Library Block A | 895 JOH 1984 A094 Or. |